000 00810nam a2200241Ia 4500
001 UNL14989
005 20260226164335.0
008 190516s1973||||sp |||||||||||||| ||spa||
020 _a8433570048
040 _aUNL
_dAR-MoUNM
041 _aspa
_hita
082 0 4 _224.11
_a709.04
_bDOR 695
100 1 _aDorfles, Gillo,
_d1910-2018.
_917068
245 0 _aÚltimas tendencias del arte de hoy /
_cGillo Dorfles ; traducción, Fernando Gutiérrez.
250 _a4a ed.
260 _aBarcelona :
_bLabor,
_c1973.
300 _a206 p. :
_bil. ;
_c20 cm.
490 0 _a(Nueva colección labor ;
_v26)
500 _aTítulo original: Ultime tendenze nell'arte d'oggi.
504 _aIncluye bibliografía (p. 197-200), e índice.
700 1 _aGutiérrez, Fernando,
_d1911-1984.
_927719
_etr.
942 _2ddc
_cLIBRO
999 _c21575
_d21576